000
00291nam a2200121Ia 4500
008
191201s2018 xx 000 0 und d
100
_a
PANDEY, U.S. & Choudhary, Kavita
245
0
_a
Cloud Computing
260
_b
S.Chand
_c
2018
300
_a
390
650
_a
B.Tech(IT)
942
_2
ddc
_c
BK
_0
7
999
_c
7039
_d
7039